The life and works of Amir Khusrau. (Record no. 77979)

MARC details
000 -LEADER
fixed length control field 00810cam a22002531 4500
001 - CONTROL NUMBER
control field sa 68001476
003 - CONTROL NUMBER IDENTIFIER
control field DLC
005 - DATE AND TIME OF LATEST TRANSACTION
control field 20260227112433.0
008 - FIXED-LENGTH DATA ELEMENTS--GENERAL INFORMATION
fixed length control field 710903s1962 pk b 000 0beng
010 ## - LIBRARY OF CONGRESS CONTROL NUMBER
LC control number sa 68001476
025 ## - OVERSEAS ACQUISITION NUMBER
Overseas acquisition number PL480:P-E-1192
040 ## - CATALOGING SOURCE
Original cataloging agency DLC
Transcribing agency DLC
Modifying agency DLC
050 00 - LIBRARY OF CONGRESS CALL NUMBER
Classification number PK2198.A44
Item number Z78
100 1# - MAIN ENTRY--PERSONAL NAME
Personal name Mirzā, Vaḥīd.
245 14 - TITLE STATEMENT
Title The life and works of Amir Khusrau.
260 ## - PUBLICATION, DISTRIBUTION, ETC.
Place of publication, distribution, etc. Lahore,
Name of publisher, distributor, etc. University of the Panjab,
Date of publication, distribution, etc. 1962.
300 ## - PHYSICAL DESCRIPTION
Extent iii, 262 p.
Dimensions 26 cm.
350 ## - PRICE (NR) (BK AM CF MU VM SE) [OBSOLETE]
Price Rs12
440 #0 - SERIES STATEMENT/ADDED ENTRY--TITLE
Title Panjab University oriental publications
500 ## - GENERAL NOTE
General note "Thesis submitted for the Ph. D. degree of the London University in 1929."
504 ## - BIBLIOGRAPHY, ETC. NOTE
Bibliography, etc. note Bibliography: p. [241]-243.
600 00 - SUBJECT ADDED ENTRY--PERSONAL NAME
Personal name Amīr Khusraw Dihlavī,
Dates associated with a name approximately 1253-1325.
650 #0 - SUBJECT ADDED ENTRY--TOPICAL TERM
Topical term or geographic name entry element Authors, Persian
Geographic subdivision India
General subdivision Biography.

No items available.

Powered by Koha